| 000 | nam a22 a 4500 | ||
|---|---|---|---|
| 999 |
_c193270 _d193270 |
||
| 003 | BLK | ||
| 005 | 20230221091312.0 | ||
| 008 | 180411b bul|||||r ||||||| ||bul|| | ||
| 010 | _aKNG00202484000 | ||
| 040 | _aBLK | ||
| 041 |
_aBUL _cBUL |
||
| 080 |
_aФилософски мистицизъм. Ранни езотерични школи. Кабала. Теософия. Антропософия. Суфизъм. Еклектизъм. Синкретизъм. Херметизъм. Розенкройцерство. Др. школи _b141.33 _z141.33 |
||
| 080 |
_aИндийски религии. Вж и 299.1 _b294 _z294 |
||
| 100 | 1 |
_aКришнамурти, Джиду _eпърви автор _9260494 |
|
| 139 |
_aКришнамурти, Джиду и др. _bК 90 |
||
| 245 | 1 | 0 |
_aПътят _bСборник _cДжиду Кришнамурти; съавт. Елена Петрова Блаватска; съавт. Мейбъл Колинс. |
| 245 | 1 | 0 |
_aВ нозете на учителя _cКришнамурти |
| 245 | 1 | 0 |
_aГласът на безмълвието _cЕлена Блаватска |
| 245 | 1 | 0 |
_aСветлина върху пътя _cМейбъл Колинс |
| 257 | _aSB | ||
| 260 |
_aСофия _bЕвразия-Абагар _c1992 |
||
| 300 |
_a108 с. _c19 см |
||
| 380 | _a1 | ||
| 490 |
_aБиблиотека Духовни водачи _v12 _9206394 |
||
| 650 | 4 |
_aТеософия _9173509 |
|
| 650 | 4 |
_aИндия - религии _9248762 |
|
| 653 | _aтеософия | ||
| 653 | _aрелигия | ||
| 653 | _aИндия | ||
| 700 | 1 |
_aБлаватска, Елена Петрова _eсъавт. _9366701 |
|
| 700 | 1 |
_aКолинс, Мейбъл _eсъавт. _9385150 |
|
| 852 |
_aЦб 168417 _bЦб |
||
| 856 | 4 |
_qpdf _i0.00 _ldisable |
|
| 856 | 4 |
_qpdf _i0.00 _ldisable |
|
| 942 |
_cKNG _n0 _s1 |
||
| 944 |
_aCR _c08.03.2017 _kГрета_Цуфелде |
||
| 944 |
_aED _c08.03.2017 _kГрета_Цуфелде |
||
| 999 | _d193270 | ||